000 01417cam a22003857a 4500
999 _c128143
_d128143
001 16821083
003 ARRUPE
005 20180912122511.0
008 110610s2011 enka b 001 0 eng
010 _a 2011381372
015 _aGBB0A6926
_2bnb
016 7 _a015643540
_2Uk
020 _a9780199556137 (hbk.)
020 _a019955613X (hbk.)
035 _a(OCoLC)ocn641519636
040 _aUKM
_cUKM
_dBTCTA
_dNLGGC
_dYDXCP
_dCDX
_dERASA
_dVPI
_dBWX
_dDLC
042 _alccopycat
050 0 0 _aB801
_b.O93 2011
082 0 4 _a190
_222
084 _a08.23
_2bcl
100 _aClarke, Desmond (ed.)
_942122
245 0 4 _aThe Oxford handbook of philosophy in early modern Europe /
_cedited by Desmond M. Clarke, Catherine Wilson.
246 3 0 _aPhilosophy in early modern Europe
260 _aOxford :
_bOxford University Press,
_c2011.
300 _axiv, 595 p. :
_bill. ;
_c26 cm.
490 0 _aOxford handbooks in philosophy
504 _aIncludes bibliographical references and index.
650 0 _aPhilosophy, Modern
_y17th century.
_933133
650 0 _aPhilosophy, Renaissance.
_9327
650 0 _aPhilosophy, Modern
_y18th century.
_933135
650 0 _aPhilosophy, European.
_919665
700 1 _aWilson, Catherine,
_d1951-
_eed.
_942123
906 _a7
_bcbc
_ccopycat
_d2
_encip
_f20
_gy-gencatlg
942 _2lcc
_cMONOGRAPH